000 01139cam a2200349 i 4500
001 10738831
003 ARRUPE
005 20150305133714.0
008 130622s2014 nyub b 001 0 eng d
020 _a9780007562909
020 _a9780007562916
024 _a40023472006
035 _a(OCoLC)ocn850221510
035 _a(OCoLC)850221510
035 _a(NNC)10738831
040 _aBTCTA
_cBTCTA
_dBDX
_dWIQ
_dCXP
_dYDXCP
_dGO6
_dCLE
_dFOLLT
_dWIM
_erda
_dABG
_dZHB
041 1 _aeng
_hdut
043 _af-cg---
050 1 4 _aDT652
_b.R49 2014
082 0 4 _a967.51
_223
100 1 _aReybrouck, David van,
_eauthor.
_914622
245 1 0 _aCongo :
_bThe epic history of a people /
_cDavid van Reybrouck ; translated from the Dutch by Sam Garrett.
250 _a1st ed.
260 _aLondon:
_bFourth Estate,
_c2014.
300 _ax, 639 pages :
_bmaps ;
_c24 cm
504 _aIncludes bibliographical references (pages [561]-618) and index.
651 0 _aCongo (Democratic Republic)
_xHistory.
_914623
700 1 _aGarrett, Sam,
_etranslator.
_914624
942 _2lcc
_cMONOGRAPH
948 1 _a20140424
_bc
_cjeb52
_dMPS
999 _c121890
_d121890